| 000 | 01526cab a2200253 4500 | ||
|---|---|---|---|
| 001 | ABS47962 | ||
| 008 | 090401t1993 xxu||||| |||| 00| 0 eng d | ||
| 035 | _a(Sirsi) u64218 | ||
| 041 | _aeng | ||
| 245 | _aChannel Tunnel Group Ltd and another v Balfour Beatty Construction Ltd and others | ||
| 260 | _c1993 | ||
| 350 | _a0 | ||
| 490 |
_aWeekly Law Reports _v(1993) WLR 262-291(30) |
||
| 520 | _aHL 21 January 1993. S67 of a contract to build the cooling system in the Channel Tunnel provided for disputes to be heard by a panel of experts and for resolution by arbitration in Brussels. Dispute arose, over the value of variations, an eventuality anticipated by s67. B threatened to halt work claiming that C was in breach of contract. C sought an injunction to prevent B`s suspension of work. C`s attempt to stay B`s action in favour of arbitration under the Arbitration Act 1975 was quashed. It was reinstated by the Court of Appeal. However, B`s position was reasserted when the case reached HL. The judgment clarified the operation of the Arbitration Acts when hearings are held abroad. | ||
| 650 | _aARBITRATION ACT 1950 S12 | ||
| 650 | _aARBITRATION ACT 1975 S1 | ||
| 650 | _aBUILT ENVIRONMENT-BUILDING CONTRACT FORMS | ||
| 650 | _aCONSTRUCTION ARBITRATION | ||
| 650 | _aSUPREME COURT ACT 1981 37(1) | ||
| 690 | _aMANAGEMENT-DISPUTE AVOIDANCE, MANAGEMENT AND RESOLUTION-DISPUTE MANAGEMENT AND RESOLUTION-ARBITRATION | ||
| 690 | _aBUILDING AND CONSTRUCTION-CASE LAW | ||
| 942 | _n0 | ||
| 948 | _c04/03/1997 | ||
| 999 |
_c39981 _d39981 |
||